00775nam a2200217Ia 4500001001000000003000500010008004100015010001100056040000900067082001800076111009900094245010300193260007500296300001100371650001700382650001600399650002800415700002700443700003000470710005700500Para_8684CHAP220125s2001 xx 000 0 und d a207495 cCHAP aPA 632.954 S5 aSimposium Internacional "Uso de Herbicidas en la Agricultura del Siglo XXI" (2:2001:Córdoba) aUso de herbicidas en la agricultura del siglo XXI /c ed. por Rafael De Prado, Jesús V. Jorrín aCórdoba :b Servicio de Publicaciones de la Universidad de Córdoba a668 p. aAgricultura  aHerbicidas  aHerbicidas x congresos aDe Prado, Rafael, ed.  aJorrín, Jesús V., ed. aUniversidad de Córdoba. Servicio de Publicaciones.